| 000 | 00652nam a22002175a 4500 | ||
|---|---|---|---|
| 005 | 20170108135545.0 | ||
| 008 | 170108s2005 ii frb 000 0 eng d | ||
| 020 | _a9788180614040 | ||
| 040 |
_aEG-ScBUE _beng _cEG-ScBUE _dEG-ScBUE |
||
| 082 | 0 | 4 |
_222 _a617.643 _bBHA |
| 100 | 1 | _aBhat, Vinaya S. | |
| 245 | 1 | 0 |
_aMCQs for PGS in prosthodontics / _cVinaya S. Bhat. |
| 250 | _a1st ed. | ||
| 260 |
_aNew Delhi : _bJaypee Brothers Medical Publishers, _c2005. |
||
| 300 |
_axviii, 355 p. ; _c24 cm. |
||
| 504 | _aBibliography : p. [353]-355. | ||
| 650 | 7 |
_2BUEsh _930625 _aProsthodontics. |
|
| 651 | _2BUEsh | ||
| 653 |
_bDDent _cJanuary2017 |
||
| 942 | _2ddc | ||
| 999 |
_c23866 _d23838 |
||